LEADER 01098cam0 2200313 450 001 000012431 005 20181025142808.0 100 $a20080606d1969----km-y0itay50------ba 101 0 $aita 102 $aIT 105 $ay-------001yy 200 1 $a<>imposte e l'economia dell'impresa$eappunti di lezioni$fa cura di Antonio Pedone, Domenicantonio Fausto, Mario Leccisotti e Antonio Di Majo 210 $aNapoli$cGiannini$dstampa 1969 215 $aXV, 331 p.$d23 cm 500 10$a<>imposte e l'economia dell'impresa$957736 610 1 $aAziende$aEconomia 676 $a336$v17$9Finanza pubblica, tributi 676 $a338.5$v19$9Economia generale della produzione 702 1$aPedone,$bAntonio$4070 702 1$aFausto,$bDomenicantonio$4070 702 1$aLeccisotti,$bMario$4070 702 1$aDi Majo,$bAntonio$4070 801 0$aIT$bUNIPARTHENOPE$c20080606$gRICA$2UNIMARC 912 $a000012431 951 $a336/228$b17340$cNAVA4 951 $a336/227$b17341$cNAVA4 951 $a323/34$b4387$cNAVA2 996 $aImposte e l'economia dell'impresa$957736 997 $aUNIPARTHENOPE LEADER 01086nam0 22002651i 450 001 UON00421976 005 20231205104828.918 100 $a20130408f1971 |0itac50 ba 101 $afre 102 $aFR 105 $a|||| 1|||| 200 1 $aˆLe ‰Roi de Béotie suivi de La Couronne de Vulcain et de Histoire du roi Kaboul I et du marmiton Gauwain/ Max Jacob 205 $aédition définitive 210 $a Paris$cGallimard$dc1971 215 $a262 p.$d20 cm. 620 $aFR$dParis$3UONL002984 676 $a840.9$cLetteratura francese. 1900-$v21 700 1$aJACOB$bMax$3UONV139099$015842 712 $aGallimard$3UONV246610$4650 801 $aIT$bSOL$c20240220$gRICA 899 $aSIBA - SISTEMA BIBLIOTECARIO DI ATENEO$2UONSI 912 $aUON00421976 950 $aSIBA - SISTEMA BIBLIOTECARIO DI ATENEO$dSI Francese VI A JACO 03 $eSI LO 18117 5 03 $sBuono 996 $aRoi de Béotie suivi de La Couronne de Vulcain et de Histoire du roi Kaboul I et du marmiton Gauwain$91335018 997 $aUNIOR